Algebra in ancient and modern times /
Guardado en:
| Autor Principal: | |
|---|---|
| Formato: | Libro |
| Idioma: | English |
| Publicado: |
[S.l.] :
American Mathematical Society, Hindustan Book Agency,
c1998.
|
| Series: | Mathematical world,
v. 12 |
| Etiquetas: |
Agregar Etiqueta
Sin Etiquetas, Sea el primero en etiquetar este registro!
|
| LEADER | 00725nam a22002055a 4500 | ||
|---|---|---|---|
| 001 | MAT.inmabb000060 | ||
| 008 | 980224s1998####riua#####b####001#0#eng## | ||
| 005 | 20130215171400.0 | ||
| 245 | 1 | 0 | |a Algebra in ancient and modern times / |c V.S. Varadarajan. |
| 260 | |a [S.l.] : |b American Mathematical Society, Hindustan Book Agency, |c c1998. | ||
| 300 | |a xii, 142 p. ; |c 26 cm. | ||
| 440 | 0 | |a Mathematical world, |x 1055-9426 ; |v v. 12 | |
| 500 | |n Prefacio | ||
| 504 | |a Includes bibliographical references and index. | ||
| 510 | 4 | |a MR, |c 99d:01007 | |
| 020 | |a 082180989X | ||
| 100 | 1 | |a Varadarajan, V. S. | |
| 084 | |a 01A05 (11-03 12-03) |2 msc2000 | ||
| 859 | |h 01 |i V287 |p A-7756 |b BIB. MATEMATICA | ||
| 859 | |h 01 |i V287 |p A-7937 |t Ej. 2 |b BIB. MATEMATICA | ||
